000 06209nam a2200409 a 4500
003 CHAP
005 20260410101415.0
007 ta
008 240207s2023 mx ado|fom||| 001 0 spa d
040 _erda
041 _aspa
_beng
100 1 _aHernández Vidal, Néstor Emanuel
_9188657
240 1 0 _aPhytochemical study of Thuidium delicatulum (Hedw.) Schimp : a common moss in Mexico.
_lEspañol
245 1 0 _aEstudio fitoquímico de Thuidium delicatulum (Hedw.) Schimp :
_bun musgo común en México /
_cNestor Emanuel Hernández Vidal
264 0 _aChapingo, México :
_bEl autor,
_c2023
300 _a1 recurso en línea (xiii, 86 páginas) :
_bilustraciones, gráficas, diagramas, tablas, fotos
336 _2rdacontent
_atexto
_btxt
337 _2rdamedia
_acomputadora
_bc
338 _2rdacarrier
_arecurso en línea
_bcr
502 _aTesis
_bIA
_cAgroindustrias
_d2023.
_gLIC
504 _aBibliografía: páginas 81-86
520 3 _aEl musgo Thuidium delicatulum (Hewd.) Schimp es una especie ampliamente distribuida, comercializada y con distintos usos etnobotánicos en México. Investigaciones recientes han demostrado que sus extractos poseen propiedades medicinales, antimicrobianas y antioxidantes. No obstante, los estudios para determinar su composición química han sido escasos. Es por ello, que permanece latente el interés en llevar a cabo estudios fitoquímicos, para obtener compuestos, con potenciales bioactividades. En este trabajo, se presentan los resultados del aislamiento y caracterización de algunos metabolitos del musgo Thuidium delicatulum (Hewd.) Schimp. Primeramente, se obtuvieron cinco extractos con disolventes de menor a mayor polaridad (hexano, diclorometano, acetato de etilo, metanol y agua. Cada extracto se sometió a separación y purificación por medio de cromatografía en columna a gravedad (CCG), cromatografía flash automatizada (CFA), cromatografía en placa preparativa (CPP) y filtrado de cristales. Como resultado, se obtuvieron cuatro compuestos puros identificados como: Lup-20(29)-eno (triterpeno aislado del extracto de diclorometano), feofitina a (porfirina aislada del extracto de acetato de etilo), 5Hidroxi-3-metil-2-butenolida (lactona aislada del extracto metanólico) y 6-Hidroxi-4metil-2H-piran-3(6H)-ona (piranona aislada del extracto metanólico). La elucidación estructural fue posible por el análisis de los espectros de IR, 1H RMN, 13C RMN, DEPT, COSY, HMBC, HSQC. El compuesto Lup-20(29)-eno pertenece al grupo de los triterpenos los cuales tienen un amplio espectro de actividades biológicas, la feofitina a es un compuesto muy apreciado en la alimentación humana, por poseer propiedades antioxidantes, anticancerígenas y antimutagénicas, por último, la lactona es la primera vez que se reporta en el linaje de los musgos y para el caso de la piranona es la primera vez que se aísla de forma vegetal. Los compuestos obtenidos en estos extractos sugieren que la especie contiene metabolitos especiales que pueden ser utilizados en futuros estudios para su aplicación en la industria agroalimentaria, farmacéutica o agrícola. Además, con base en evidencia cromatográfica, en el extracto hexánico y acuoso contienen metabolitos pendientes de purificación e identificación.
520 3 _aThe moss Thuidium delicatulum (Hewd.) Schimp is a widely distributed and commercialized species with different ethnobotanical uses in Mexico. Recent research has shown that its extracts have medicinal, antimicrobial, and antioxidant properties. However, studies to determine its chemical composition have been scarce. Therefore, there is still an interest in conducting phytochemical studies to obtain compounds with potential bioactivities. In this work, the results of the isolation and characterization of some metabolites of the moss Thuidium delicatulum (Hewd.) Schimp are presented. First, five extracts were obtained with solvents of lower to higher polarity (hexane, dichloromethane, ethyl acetate, methanol and water. Each extract was subjected to separation and purification by means of gravity column chromatography (GCC), automated flash chromatography (FAC), preparative plate chromatography (PPC) and crystal filtration. As a result, four pure compounds identified as: Lup-20(29)-ene (triterpene isolated from dichloromethane extract), pheophytin a (porphyrin isolated from ethyl acetate extract), 5-Hydroxy-3-methyl-2-butenolide (lactone isolated from the methanolic extract) and 6-Hydroxy-4-methyl-2H-pyran-3(6H)-one (pyranone isolated from the methanolic extract) The structural elucidation was possible by the analysis of the IR, 1H NMR, 13C NMR, DEPT, COSY, HMBC, HSQC spectra. The compound Lup20(29)-ene belongs to the group of triterpenes which have a wide spectrum of biological activities, pheophytin a is a highly appreciated compound in human nutrition, for having antioxidant, anticancer and antimutagenic properties. Lastly, lactone is the first time it has been reported in the moss lineage and in the case of pyranone is the first time it has been isolated from a plant source. The compounds obtained in these extracts suggest that the species contains special metabolites that can be used in future studies for application in the agri-food, pharmaceutical or agricultural industries. Furthermore, based on chromatographic evidence, the hexane and aqueous extract contain metabolites pending purification and identification.
650 1 3 _9188675
_aThuidium delicatulum
_xComposición
_xAnálisis
_2atg
650 1 3 _9157865
_aCompuestos bioactivos
_2atg
650 1 3 _9188676
_aExtractos vegetales
_xAprovechamiento
_2atg
650 1 3 _975157
_aMetabolitos
_2atg
650 1 3 _9189168
_aThuidium delicatulum
_xComposition
_xAnalysis
_2atg
650 1 3 _9185526
_aBioactive food compounds
_2atg
650 1 3 _9185240
_aPlant extracts
_2atg
650 1 3 _9189169
_aMetabolites
_2atg
700 1 _9163248
_aZuleta Prada, Holber
_edirector
700 1 _9158257
_aReyes Trejo, Benito
_easesor
700 1 _9149184
_aGuerra Ramírez, Diana
_easesor
856 4 0 _uhttp://10.13.5.2/tesis/tl/1511117-6_HERNANDEZ_VIDAL_NESTOREMANUEL.pdf
_yDESCARGAR PDF
942 _2Clasificación Universidad Autónoma Chapingo
_cTD
999 _c219644
_d219644